00483nam a22001697a 450000500170000001000150001702000110003203500130004303700130005608200080006924500510007725000180012826000380014627000820018430000330026670000140029920140314142732.0 aENG-109470 c200.00 aEN-93003 bDBAD/PUB a59200aInvertebrate zoology /cby N.C. Nair...[et al] a5th ed(repr.) aNagercoilbSaras Publicatonc2013 a114/35G, A.R.P. Camp Road, Periavilai, Kottar, NagercoilbKanyakumarie629002 axiv,538p. :c22cm(pbk)bill. aNair,N.C.